000 00358nam a2200133Ia 4500
008 231129s9999||||xx |||||||||||||| ||spa||
020 _a84-276-1252-4
040 _bspa
082 _a882 A716a
100 _aAristofanes.
245 0 _aLas avispas; La paz; Las aves; Lasistrata
264 _aNacional
942 _2ddc
_cBKS
999 _c18606
_d18606